Medzinárodný daňový režim Slovenskej republiky z hľadiska opatrení proti vyhýbaniu sa dani z príjmu

Teória očakávanej ekonomickej užitočnosti daňových únikov. Právne pravidlá a štandardy proti neprijateľnému medzinárodnému vyhýbaniu sa dani. Všeobecné nezmluvné právne pravidlá a štandardy proti neprijateľnému vyhýbaniu sa dani. Špecifické nezmluvné právne pravidlá a štandardy proti vyhýbaniu sa da...

Descrizione completa

Salvato in:
Dettagli Bibliografici
Autore principale: Kubicová, Jana, 1961-
Natura: Capitolo di libro
Lingua:slovacco
Soggetti:
Tags: Aggiungi Tag
Nessun Tag, puoi essere il primo ad aggiungerne!!

MARC

LEADER 00000nla$a2200000$$$4500
001 0126078
005 20240604073853.7
041 0 |a slo 
044 |a SK 
245 1 0 |a Medzinárodný daňový režim Slovenskej republiky z hľadiska opatrení proti vyhýbaniu sa dani z príjmu  |c Jana Kubicová 
520 |a Teória očakávanej ekonomickej užitočnosti daňových únikov. Právne pravidlá a štandardy proti neprijateľnému medzinárodnému vyhýbaniu sa dani. Všeobecné nezmluvné právne pravidlá a štandardy proti neprijateľnému vyhýbaniu sa dani. Špecifické nezmluvné právne pravidlá a štandardy proti vyhýbaniu sa dani. Ekonomické dôsledky (ne-)implementácie právnych pravidiel a štandardov zamedzujúcich vyhýbanie sa dani do právneho poriadku. 
610 2 0 |a dane 
610 2 0 |a zdaňovanie medzinárodné 
610 2 0 |a dane z príjmov 
610 2 0 |a únik daňový 
610 2 0 |a právo daňové 
100 1 |a Kubicová, Jana, 1961-